Herr der Ringe - Könige von Gondor - Statistiken

Allgemein
  • Dieses Quiz wurde 16 mal gespielt
  • Das Durchschnittsergebnis liegt bei 6 aus 37
Antwortstatistiken
Hint Antwort % Korrekt
3019 D.Z. bis120 V.Z. Elessar
100%
3320 Z.Z. bis2 D.Z. Isildur
92%
3320 Z.Z. bis
3441 Z.Z.
Elendil
85%
2043 D.Z. bis2050 D.Z. Eärnur
31%
3320 Z.Z. bis3440 Z.Z. Anárion
23%
238 D.Z. bis324 D.Z. Eärendil
23%
120 V.Z. bis220 V.Z. Eldarion
23%
1437 D.Z. bis1447 D.Z. Castamir
15%
913 D.Z. bis 936 D.Z. Eärnil I
15%
1945 D.Z. bis 2043 D.Z. Eärnil II
15%
1015 D.Z. bis 1149 D.Z. Hyarmendacil I
15%
1540 D.Z. bis 1621 D.Z. Hyarmendacil II
15%
2 D.Z. bis158 D.Z. Meneldil
15%
411 D.Z. bis 492 D.Z. Ostoher
15%
492 D.Z. bis 541 D.Z. Rómendacil I
15%
1304 D.Z. bis 1366 D.Z. Rómendacil II
15%
667 D.Z. bis 748 D.Z. Atanatar I
8%
1149 D.Z. bis 1226 D.Z. Atanatar II
8%
1856 D.Z. bis1936 D.Z. Calimethar
8%
1294 D.Z. bis 1304 D.Z. Calmacil
8%
1432 D.Z. bis 1437 D.Z. Eldacar
8%
1447 D.Z. bis1490 D.Z. Eldacar
8%
1621 D.Z. bis 1634 D.Z. Minardil
8%
1226 D.Z. bis 1294 D.Z. Narmacil I
8%
1850 D.Z. bis 1856 D.Z. Narmacil II
8%
1936 D.Z. bis1944 D.Z. Ondoher
8%
830 D.Z. bis 913 D.Z. Tarannon Falastur
8%
1636 D.Z. bis 1798 D.Z. Tarondor
8%
1634 D.Z. bis1636 D.Z. Telemnar
8%
1798 D.Z. bis1850 D.Z. Telumethar Umbardacil
8%
1366 D.Z. bis 1432 D.Z. Valacar
8%
1490 D.Z. bis 1540 D.Z. Aldamir
0%
324 D.Z. bis 411 D.Z. Anardil
0%
158 D.Z. bis238 D.Z. Cemendur
0%
936 D.Z. bis 1015 D.Z. Ciryandil
0%
748 D.Z. bis 830 D.Z. Siriondil
0%
541 D.Z. bis 667 D.Z. Turambar
0%
Keine übereinstimmenden Quizze gefunden
Verteilung der Resultate
Anzahl Personen mit jedem Resultat
Perzentil nach korrekt beantworteten Fragen
Ihre Resultats-Entwicklung
Sie haben dieses Quiz noch nicht gespielt